| 000 | 00704nam a22002177a 4500 | ||
|---|---|---|---|
| 999 |
_c22399 _d22399 |
||
| 003 | OSt | ||
| 005 | 20220602103754.0 | ||
| 008 | 150807s2015 pe 000 0 spa | ||
| 020 | _a9786124673351 | ||
| 040 | _cBiblioteca Municipal de Cusco | ||
| 082 |
_a869.56/S292 _bS292 |
||
| 100 | 1 |
_aSchwalb, Carlos _d1953- _eautor _948040 |
|
| 245 | 1 | 0 |
_a31 rupturas con lo cotidiano / _cCarlos Schwalb Tola |
| 250 | _aPrimera edición | ||
| 264 | 1 |
_aLima : _bLápix Editores, _aIca : _bBiblioteca Abraham Valdelomar, _c2015. |
|
| 300 |
_a144 páginas ; _c21 cm |
||
| 500 | _aRelatos. | ||
| 650 |
_aEnsayos peruanos _ySiglo XX _948041 |
||
| 710 |
_aBiblioteca Abraham Valdelomar (Ica) _948042 |
||
| 942 |
_2ddc _cLIBROS |
||